| 000 | 00626 a2200181 4500 | ||
|---|---|---|---|
| 999 |
_c4924 _d4924 |
||
| 010 | _aENG-86666 | ||
| 020 |
_c650.00 _a8125030719 |
||
| 035 | _aEN-70199 | ||
| 037 | _bDBAD / PUB | ||
| 082 | 1 | 4 | _a305.42095433 |
| 100 | 1 | _aDevika, J | |
| 245 | 1 |
_aEn-gendering individuals : _cby J. Devika _bthe language of re-forming in twenieth century keralam / |
|
| 260 |
_aChennai _bOrient Longman _c2007 |
||
| 270 |
_a160 Anna Salai _bChennai _e600 002 _mchegeneral@orientlongman.com |
||
| 300 |
_a346 p _c22 cm (Hb) |
||
| 500 | _aIncludes bibliographical refrences and index | ||
| 942 |
_adpl _cEN _2ddc _h305.42095433 _mDEV |
||